000 00919ngm a22003370a 4500
001 PT25831
003 AR-LpoUNG
005 20210202000406.0
007 vd cvaizq
008 191001s2006||||ag |||||||||||||||||spa d
040 _aAR-LpoUNG
_bspa
_cAR-LpoUNG
_eaacr
041 _aspa
044 _aag
082 0 _a302.23 74cri
100 1 _aEscobar, Patricio
_edir.
245 1 3 _aLa crisis causó 2 nuevas muertes
260 _aBuenos Aires :
_bFoco Producciones,
_c2006.
300 _aDVD (85 min.) : son., col.
520 _aAnaliza el comportamiento de los medios de comunicación en la masacre de Avellaneda.
650 4 _aARGENTINA
650 4 _aCONFLICTOS POLITICOS
650 4 _aMEDIOS DE COMUNICACION
650 4 _aPRENSA
651 4 _aArgentina
653 _aCINE ARGENTINO
653 _aDVD
653 _aVIDEOS
700 1 _aFinvarb, Damián
_edir.
905 _a25831
942 _cDVD
999 _c54761
_d54761